MEDICINAL CHEMISTERY-II (Record no. 58465)
[ view plain ]
| 000 -LEADER | |
|---|---|
| fixed length control field | 00270nam a22001217a 4500 |
| 008 - FIXED-LENGTH DATA ELEMENTS--GENERAL INFORMATION | |
| fixed length control field | 240228b |||||||| |||| 00| 0 eng d |
| 020 ## - ISBN | |
| International Standard Book Number | 9789394882263 |
| 040 ## - CATALOGING SOURCE | |
| Original cataloging agency | IIMT University College of Medical Sciences |
| 082 ## - DDC NUMBER | |
| Classification number | 615(AGA) |
| 100 ## - MAIN ENTRY--PERSONAL NAME | |
| Personal name | R.K. AGARWAL |
| 245 ## - TITLE STATEMENT | |
| Title | MEDICINAL CHEMISTERY-II |
| 942 ## - ADDED ENTRY ELEMENTS (KOHA) | |
| Koha item type | Text-Book- for 7 days |
| 952 ## - LOCATION AND ITEM INFORMATION (KOHA) | |
| -- | 2024-11-04 |
| -- | 2024-02-28 |
| Withdrawn status | Lost status | Source of classification or shelving scheme | Damaged status | Not for loan | Location (home branch) | Sublocation or collection (holding branch) | Date acquired | Source of Acquisition | Cost Normal purchase price | Koha issues (times borrowed) | Koha full call number | Accession No. | Koha date last seen | Koha item type |
|---|---|---|---|---|---|---|---|---|---|---|---|---|---|---|
| IIMT University College of Medical Sciences | IIMT University College of Medical Sciences | 02/28/2024 | SARTHAK PUBLICATION | 200.00 | 1 | 615(AGA) | 02-B-13969 | 12/30/2024 | Text-Book- for 7 days |

